000 00259nam a2200097Ia 4500
001 690334
005 20250826161814.0
008 250824s9999 xx 000 0 und d
245 0 _aOSMANLININ GAYRİMÜSLİM ASKERLERİ
_cUFUK GÜLSOY
260 _bTİMAŞ YAYINLARI
999 _c690334
_d690334